ბათუმის შოთა რუსთაველის სახელმწიფო უნივერსიტეტის ბიბლიოთეკა

სამარათალი და მსოფლიო : (ბიბ.ჩანაწერი № 61536)

000 -LEADER
fixed length control field 01059nam a22001817a 4500
005 - DATE AND TIME OF LATEST TRANSACTION
control field 20240322101214.0
008 - FIXED-LENGTH DATA ELEMENTS--GENERAL INFORMATION
fixed length control field 240322c2023 ge ||||| |||| 00| 0 geo d
022 ## - INTERNATIONAL STANDARD SERIAL NUMBER
International Standard Serial Number 2346-7916
041 ## - LANGUAGE CODE
Language code of text/sound track or separate title geo
245 ## - TITLE STATEMENT
Title სამარათალი და მსოფლიო :
Remainder of title ევროპის უნივერსიტეტის სამართლის ინსტიტუტის საერთაშორისო სამეცნიერო რეფერირებადი ჟურნალი /
Statement of responsibility, etc. მთავარი რედაქტორი იოსებ კელენჯერიძე.
260 ## - PUBLICATION, DISTRIBUTION, ETC.
Place of publication, distribution, etc. თბილისი,
Date of publication, distribution, etc. 2023.
300 ## - PHYSICAL DESCRIPTION
Extent V.
653 ## - INDEX TERM--UNCONTROLLED
Uncontrolled term სამართალი და მსოფლიო
653 ## - INDEX TERM--UNCONTROLLED
Uncontrolled term პერიოდიკა
700 ## - ADDED ENTRY--PERSONAL NAME
Personal name კელენჯერიძე, იოსებ
Relator term რედაქტორი
9 (RLIN) 3268
856 ## - ELECTRONIC LOCATION AND ACCESS
Uniform Resource Identifier https://iverieli.nplg.gov.ge/bitstream/1234/453248/5/Samartali_Da_Msoflio_2023_N26.pdf
Link text ელ. ვერსია pdf
942 ## - ADDED ENTRY ELEMENTS (KOHA)
Source of classification or shelving scheme
Koha item type პერიოდიკა
ეგზემპლარები
Withdrawn status Lost status Source of classification or shelving scheme Damaged status Not for loan Permanent Location Current Location Date acquired Serial Enumeration / chronology Barcode Date last seen Copy number Price effective from Koha item type
          ბათუმის შოთა რუსთაველის სახელმწიფო უნივერსიტეტის მთავარი ბიბლიოთეკა ბათუმის შოთა რუსთაველის სახელმწიფო უნივერსიტეტის მთავარი ბიბლიოთეკა 2024-03-22 N26 (2023) 81134 2024-03-22 81134 2024-03-22 პერიოდიკა